Time-saver standards for landscape architecture (Record no. 981)

000 -LEADER
fixed length control field 00972nam a2200265 a 4500
001 - CONTROL NUMBER
control field 981
003 - CONTROL NUMBER IDENTIFIER
control field BD-DhUET
008 - FIXED-LENGTH DATA ELEMENTS--GENERAL INFORMATION
fixed length control field 970916s1998 nyua bf 001 0 eng
020 ## - INTERNATIONAL STANDARD BOOK NUMBER
International Standard Book Number 9780070170278
040 ## - CATALOGING SOURCE
Original cataloging agency DLC
Transcribing agency DLC
Modifying agency BD-DhUET
082 00 - DEWEY DECIMAL CLASSIFICATION NUMBER
Classification number 712.2
Item number TIM/1998
100 ## - MAIN ENTRY--PERSONAL NAME
Personal name Harris, Charles W.
245 00 - TITLE STATEMENT
Title Time-saver standards for landscape architecture
Remainder of title design and construction data
Statement of responsibility, etc. co-editors, Charles W. Harris, Nicholas T. Dines ; assistant editor, Kyle D. Brown.
250 ## - EDITION STATEMENT
Edition statement 2nd ed.
260 ## - PUBLICATION, DISTRIBUTION, ETC. (IMPRINT)
Place of publication, distribution, etc. New York :
Name of publisher, distributor, etc. McGraw-Hill,
Date of publication, distribution, etc. 1998.
300 ## - PHYSICAL DESCRIPTION
Extent 1 v. (various pagings) :
Other physical details ill. ;
Dimensions 29 cm.
504 ## - BIBLIOGRAPHY, ETC. NOTE
Bibliography, etc Includes bibliographies
650 #0 - SUBJECT ADDED ENTRY--TOPICAL TERM
Topical term or geographic name as entry element Landscap architecture-Construction-Design
700 1# - ADDED ENTRY--PERSONAL NAME
Personal name Dines, Nicholas T.
700 1# - ADDED ENTRY--PERSONAL NAME
Personal name Brown, Kyle D.
856 42 - ELECTRONIC LOCATION AND ACCESS
Uniform Resource Identifier http://www.loc.gov/catdir/bios/mh041/97031842.html
856 42 - ELECTRONIC LOCATION AND ACCESS
Uniform Resource Identifier http://www.loc.gov/catdir/description/mh023/97031842.html
856 41 - ELECTRONIC LOCATION AND ACCESS
Uniform Resource Identifier http://www.loc.gov/catdir/toc/mh022/97031842.html
942 ## - ADDED ENTRY ELEMENTS (KOHA)
Koha item type Edited Book
Holdings
Koha full call number Shelving location Piece designation (barcode) Koha date last borrowed Price effective from Location (home branch) Withdrawn status Source of classification or shelving scheme Koha issues (times borrowed) Not for loan Sublocation or collection (holding branch) Damaged status Koha date last seen Date acquired Lost status Copy number Koha item type Koha normalized classification for sorting
712.2 HAR/1998Circulation section1095842023-02-282014-08-26Central Library, BUET  1 Central Library, BUET 2023-03-122014-08-26 1Edited Book712_200000000000000_HAR_1998
712.2/TIM/1998Reading section96178 2015-06-16Central Library, BUET    Central Library, BUET 2015-06-162015-06-16 2Reading Item712_200000000000000_TIM_1998